000 00492nam a2200217Ia 4500
003 0100
008 130307s9999 xx 000 0 und d
020 _a0829417729
040 _cARRUPELIB
050 _aBX4655.3.G48 2002
100 _aGhezzi, Bert
245 _aMystics and miracles
245 _btrue stories of lives touched by god
260 _aChicago
260 _bLoyola press
260 _c2002
300 _a189p.
300 _b23cm
650 _aMYTHOLOGY
942 0 0 _01
999 _c93018
_d93018